Responses for Show #6490 - Friday, November 30, 2012

Jason Shore game 3.

Contestants

[<< previous game]

Tim Norris, an assistant district attorney from Knoxville, Tennessee

Karen Poole, a graduate student of paleontology from Washington, D.C.

Jason Shore, a medical student from Plano, Texas (whose 2-day cash winnings total $45,200)

[next game >>]

Jeopardy! Round responses

THE CDC SAYS
THEIR ORIGINAL NAMES
BEER ME!
42
TURN UP THE HEAT
IT'S CHILE IN HERE
    $200 16
lead

Karen
    $200 11
Nicolas Cage

Tim
    $200 17
Foster's

Tim
    $200 1
Jackie Robinson

Jason
    $200 6
combustion

Jason
    $200 24
Santiago

Tim
    $400 20
antibiotics

Jason
    $400 12
David Copperfield

Tim
    $400 18
Guinness

Karen
    $400 2
XLII

Jason
    $400 7
torch

Jason
    $400 27
(Karen: What is the Cape of Good Hope?)

Cape Horn

Karen
Triple Stumper
    $600 21
a concussion

Karen
    $600 13
Kareem Abdul-Jabbar

Tim
    $600 19
(Tim: What are hops?)

yeast

JasonTim
    $600 3
University of Pittsburgh

Triple Stumper
    $600 8
stoke

Jason
    $600 28
an empanada

Karen
    $800 26
mammograms

Jason
    $800 14
Lil Wayne

Jason
    $800 22
Stella Artois

Karen
    $800 4
molybdenum

Jason
    $800 9
inferno

Jason
    $3,000 29
copper

Karen
    $1000 25
carbon monoxide

Jason
    $1000 15
Whoopi Goldberg

Triple Stumper
    $1000 23
Sam Adams

Karen
    $1000 5
Elisha

Jason
    $1000 10
(Tim: What is a jet stream?)

thermals

JasonTim
    $1000 30
(Salvador) Allende

Jason

Scores at the first commercial break (after clue 15):

Jason Karen Tim
$6,200 $0 $200

Scores at the end of the Jeopardy! Round:

Jason Karen Tim
$10,000 $6,200 $0

Double Jeopardy! Round responses

DANCE COMPANIES
LETTER PERFECT
THE U.S. AMBASSADOR TO THE U.N.
CLASSIFICATION IS IN
AT THE MOVIES
END OF THE LINE
    $400 21
the Rockettes

Jason
    $400 4
B

Karen
    $400 22
(Adlai) Stevenson

Jason
    $400 15
aircraft carriers

Jason
    $400 1
(Alex: And that actor's name is [*].)

Josh Brolin

Triple Stumper
    $400 10
money

Karen
    $800 27
(Karen: What is tarantella?)

flamenco

Karen
Triple Stumper
    $800 6
Z

Jason
    $800 23
Richardson

Jason
    $800 16
a loom

Jason
    $800 2
The Bourne Legacy

Tim
    $800 11
weep alone

Tim
    $1200 28
the Bolshoi

Karen
    $1200 7
(Alex: And that is the letter [*] for "oo.")

U

Triple Stumper
    $1200 24
(John) Bolton

Jason
    $1200 17
(Alex: Hence, [*].)

the station wagon

Triple Stumper
    $1200 3
Chuck Norris

Jason
    $1200 14
parking lot

Jason
    $1600 29
the American Ballet Theater

Triple Stumper
    $1600 8
(Alex: [*] for "knight.")

N

Jason
    $1,500 25
George H.W. Bush

Jason
    $1600 18
(Tim: What is a Doric column?)

Corinthian

JasonTim
    $1600 5
Meryl Streep

Jason
    $1600 13
promised land

Jason
    $3,000 30
(Karen: What is the Moscow Ballet?)

the Kirov

Karen
    $2000 9
M

Jason
    $2000 26
Jeane Kirkpatrick

Triple Stumper
    $2000 19
(Jason: What is the husk?)

germ (or the bran)

JasonKaren
    $2000 20
The Planet Of The Apes

Karen
    $2000 12
(Alex: "This is the forest [*], the murmuring pines and the hemlocks, bearded with moss.")

primeval

Triple Stumper

Scores at the end of the Double Jeopardy! Round:

Jason Karen Tim
$25,100 $8,400 $0
(lock game)

[wagering suggestions for these scores]

Final Jeopardy! Round responses

20th CENTURY AMERICAN WRITERS
(Alex: Doesn't like using capital letters. Punctuation sometimes he disregards completely.)
KarenWho is Kerouac?
$8,399
JasonWho is Cormac McCarthy
$2,500
E.E. Cummings

Final scores:

Jason Karen Tim
$22,600 $1 $0
3-day champion: $67,800 2nd place: $2,000 3rd place: $1,000

Game dynamics:

Coryat scores:

Jason Karen Tim
$25,200 $9,200 $0
30 R
(including 1 DD),
1 W
12 R
(including 1 DD),
3 W
(including 1 DD)
7 R,
3 W

Combined Coryat: $34,400

[game clues] [game scores] [suggest correction]

Game tape date: 2012-08-28
The J! Archive is created by fans, for fans. Scraping, republication, monetization, and malicious use prohibited; this site may use cookies and collect identifying information. See terms. The Jeopardy! game show and all elements thereof, including but not limited to copyright and trademark thereto, are the property of Jeopardy Productions, Inc. and are protected under law. This website is not affiliated with, sponsored by, or operated by Jeopardy Productions, Inc. Join the discussion at JBoard.tv.